000 02287cam a22005174i 4500
003 PE-LiUPU
005 20250731173048.0
008 080226s2008 ilu rb 001 0 eng
020 _a0830837558
_q(pbk.)
020 _a9780830837557
035 _a(Sirsi) i9780830837557
035 _a(OCoLC)213384810
_z(OCoLC)858980352
040 _aDLC
_beng
_cDLC
_dBTCTA
_dBAKER
_dYDXCP
_dC#P
_dBWX
_dIK2
_dVP@
_dSGB
_dCQU
_dBNO
_dOCLCQ
_dBDX
_dOCLCF
_dOOY
_dIMC
_dOCLCO
_dOCLCQ
_dATSHR
_dOCL
_dOCLCQ
_dWIO
_dNZABT
_dSGB
_dMOR
_dOCLCQ
_dOCLCO
_dPE-LiUPU
_erda
049 _aPRUA
050 0 0 _aBR115.C8
_bC77 2008
082 0 4 _a261.0973
_bC91
_222
100 1 _aCrouch, Andy,
_eautor.
245 1 0 _aCulture making :
_brecovering our creative calling /
_cAndy Crouch.
264 1 _aDowners Grove :
_bIVP Books,
_c2008.
300 _a282 páginas ;
_c24 centímetros
336 _atext
_2rdacontent
337 _aunmediated
_2rdamedia
338 _avolume
_2rdacarrier
504 _aÍndice : páginas 281-282.
505 0 _aIntroduction -- Culture -- The horizons of the possible -- Cultural worlds -- Teardowns, technology and change -- Cultivation and creation -- Gestures and postures -- Gospel -- The garden and the city -- Interlude : the primordial story -- The least of the nations -- Jesus as culture maker -- From Pentecost -- To Revelation -- The glorious impossible -- Calling -- Why we can't change the world -- The traces of God -- Power -- Community -- Grace.
526 _aSEG42
526 _aSEG41
526 _aSEG40
526 _aSEG39
526 _aP94
526 _aP87
526 _aP86
526 _aP85
526 _aP77
526 _aP76
526 _aP35
650 4 _aCristianismo y cultura.
_91358
650 4 _aChristianity and culture.
910 _adbm
_bncf
_cncf
_d20171228
942 _2ddc
_cBOOK
949 _a261.0973 C91
_wDEWEY
_c1
_i77796
_lCATALOGING
_mBUL
_p12.10
_r0
_sY
_tBOOK
_u2017-12-28
_xPOSGRADO
_PP85
_0COMPRA
_o.STAFF. Colección Teología.
994 _aC0
_bPEPRU
596 _a1
999 _a261.0973 C91
_wDEWEY
_c26531
_i77796
_f2021-11-10
_g4
_lCCODEBUL1
_mBUL
_p12.10
_r0
_sY
_tBOOK
_u2017-12-28
_xTEOLOGIA
_PP85
_0DONACION
_o.STAFF. Colección Teología.
_d26531
980 _81
_gALBERTO SANCHEZ Responsable de Automatización